Drapeaux - Statistiques

Statistiques générales
  • Ce quiz a été pris 115 fois
  • Le résultat moyen est 11 sur 23
Statistiques - réponses
Par images Hint Réponse % Correct
Nations constitutives Pays de Galles
89%
Nations constitutives Ecosse
87%
- Corse
86%
Nations constitutives Angleterre
76%
- Hong Kong
75%
Pays constitutifs Groenland
64%
- Macao
51%
Pays constitutifs Îles Cook
49%
Pays constitutifs Niue
46%
Nations constitutives Irlande Du Nord
45%
Pays constitutifs Nouvelle-Calédonie
45%
- Île de Man
40%
Pays constitutifs Île Féroé
38%
Pays constitutifs Åland
36%
Pays constitutifs Aruba
36%
Pays constitutifs Polynésie Française
36%
Pays constitutifs Curaçao
35%
- Jersey
33%
Pays partiellement reconnus Abkhazie
31%
Pays partiellement reconnus Ossétie du Sud-Alanie
30%
- Guernesey
27%
Pays constitutifs Saint-Martin
26%
- Transnistrie
23%
Aucun quiz correspondant
Distribution des résultats
% des personnes avec chaque résultat
Percentile par nombre de réponses
Votre historique - résultats
Vous n’avez pas pris ce quiz